|
|
|
|
| LEADER |
00000nam a22000005a 4500 |
| 001 |
vtls010266530 |
| 003 |
SK-MaSNL |
| 005 |
20260301031613.0 |
| 008 |
240314s2010 xo l f 000 0 eng |
| 015 |
|
|
|a SNBA2011/06-03532
|
| 020 |
|
|
|a 9788089016556
|q (brož.)
|
| 035 |
|
|
|a 8ED4FB4E-EC8F-4584-9718-26ECA5EE457B
|
| 035 |
|
|
|a urn:nbn:sk:snk-amjxc7
|
| 035 |
|
|
|a urn:nbn:sk:snk-am007zed
|
| 040 |
|
|
|a SNK
|b slo
|c SNK
|e AACR2
|
| 041 |
1 |
|
|a eng
|h slo
|
| 044 |
|
|
|a xo
|c SK
|
| 072 |
|
7 |
|a 331
|x Práca
|2 konspekt
|
| 072 |
|
7 |
|a 342
|x Ústavné právo. Správne právo
|2 konspekt
|
| 080 |
|
|
|a 342.7
|2 2001
|
| 080 |
|
|
|a 341.231.14
|2 2001
|
| 080 |
|
|
|a 342.722
|2 2001
|
| 080 |
|
|
|a 331.102
|2 2001
|
| 080 |
|
|
|a 331.106
|2 2001
|
| 080 |
|
|
|a (048.8)
|2 2001
|
| 100 |
1 |
|
|a Porubänová, Sylvia,
|d 1961-
|4 aut
|9 107321
|
| 245 |
1 |
0 |
|a Good practices in non-discrimination and in enforcement of diversity in employment relations
|b (a comparative study)
|c [lead author: Sylvia Porubänová ; authors: Barbora Holubová ... [et al.] ; editor: Anna Zachová ; translated by: Renáta Prokopová]
|
| 250 |
|
|
|a [1st ed.]
|
| 260 |
|
|
|a Bratislava
|b Slovak National Centre for Human Rights
|c 2010
|
| 300 |
|
|
|a 88 s.
|b tab.
|c 29 cm
|
| 366 |
|
|
|e 200 výt.
|
| 504 |
|
|
|a Bibliogr. s. 78-80. Pozn.
|
| 650 |
0 |
7 |
|a ľudské práva
|2 SNKPH
|9 798
|
| 650 |
0 |
7 |
|a rovnosť (kategória)
|2 SNKPH
|9 84285
|
| 650 |
0 |
7 |
|a rodová rovnosť
|2 SNKPH
|9 83324
|
| 650 |
0 |
7 |
|a zamestnanie
|2 SNKPH
|9 2208
|
| 650 |
0 |
7 |
|a pracovnoprávne vzťahy
|2 SNKPH
|9 2338
|
| 650 |
0 |
7 |
|a Human rights
|2 SNKPHeng
|9 265688
|
| 650 |
0 |
7 |
|a Equality
|2 SNKPHeng
|9 326907
|
| 650 |
0 |
7 |
|a Gender equality
|2 SNKPHeng
|9 275649
|
| 650 |
0 |
7 |
|a Employment
|2 SNKPHeng
|9 270169
|
| 650 |
0 |
7 |
|a Work-law relations
|2 SNKPHeng
|9 312547
|
| 655 |
|
7 |
|a štúdie
|2 SNKPH
|9 57033
|
| 655 |
|
7 |
|a Studies
|2 SNKPHeng
|9 265573
|
| 700 |
1 |
|
|a Holubová, Barbora
|4 aut
|9 327379
|
| 700 |
1 |
|
|a Zachová, Anna,
|d 1952-
|4 edt
|9 228813
|
| 700 |
1 |
|
|a Prokopová, Renáta
|4 trl
|9 327380
|
| 919 |
|
|
|a 978-80-89016-55-6
|
| 958 |
|
|
|a OND
|
| 958 |
|
|
|a NB
|
| 958 |
|
|
|a OP
|
| 968 |
|
|
|a Eng
|b SLO
|d 34
|
| 999 |
|
|
|c 577000
|d 578930
|
| 952 |
|
|
|a SNK
|b SNK
|y PREZ
|7 0
|p 17A0691936
|o snkSB 81186
|i snk2011/6970
|8 0
|0 0
|1 0
|4 0
|d 2011-03-25
|f 1
|l 0
|r 2025-05-05 00:00:00
|w 2026-02-23
|
| 952 |
|
|
|a SNK
|b SNK
|y VYP
|7 0
|p 17A0691935
|o snkSB 81186 D1
|i snk2011/6971
|8 0
|0 0
|1 0
|4 0
|d 2011-03-25
|l 0
|r 2026-02-23 14:37:03
|w 2026-02-23
|